Deutsch <Ein> Lehrbuch für Ausländer

Gespeichert in:
Bibliographische Detailangaben
Format: Buch
Sprache:Deutsch
Veröffentlicht: Leipzig Enzyklopädie 1984
Ausgabe:6. unveränd. Aufl.
Tags: Tag hinzufügen
Keine Tags, Fügen Sie das erste Tag hinzu!

MARC

LEADER 00000nam a2200000 4500
001 c108414
005 20260129131601.1
041 0 |a ger 
044 |a DE 
245 1 0 |a Deutsch  |b <Ein> Lehrbuch für Ausländer 
250 |a 6. unveränd. Aufl. 
264 1 |a Leipzig  |b Enzyklopädie  |c 1984 
300 |a 82 s.